00527nam a2200181 a 45000010010000000030011000100080041000210350026000620820014000881000025001022450020001272600049001476500012001969420012002089520090002209980020003109990015003300000-8601ELIB.Books110520 1945  a(ELIB.Books)0000-8747 aFic bUll aUllman, James Ramsey aThe White Tower bPhiladelphia: J.B. Lippincott Company c1945 aFiction 2ddccBK 00102ddc4070aKBTSbKBTSd2011-05-20l0p6682r2022-01-22 00:00:00w2022-01-22yBK cbate2011-05-20 c8601d8601